Great expectations quiz Stats

 Plays Quiz not verified by Sporcle

Challenge
Share
Tweet
Embed
Score 0/33 Timer 02:00
0 Plays Today
clue answer % Correct
????
100%
????
98.8%
????
85.2%
????
81.2%
????
75.6%
????
72.4%
????
69.6%
????
67.6%
????
63.2%
????
54%
????
47.2%
????
44.8%
????
44.4%
????
26%
????
26%
????
25.6%
????
25.2%
clue answer % Correct
????
24.8%
????
21.2%
????
20.8%
????
19.2%
????
18.8%
????
13.6%
????
13.2%
????
12.8%
????
12.4%
????
12%
????
10%
????
8.4%
????
8%
????
6.4%
????
6%
????
5.6%

You're not logged in!

Compare scores with friends on all Sporcle quizzes.
OR
Log In

You Might Also Like...

Show Comments

Extras

Created Jun 12, 2012ReportNominate
Tags:expectation, place

Top Quizzes Today


Score Distribution

Your Account Isn't Verified!

In order to create a playlist on Sporcle, you need to verify the email address you used during registration. Go to your Sporcle Settings to finish the process.

Report this User

Report this user for behavior that violates our Community Guidelines.

Details: